Interaktivnaja mašinnaja grafika struktury dannych, algoritmy, jazyki

Guardado en:
Detalles Bibliográficos
Autor principal: Giloi, Wolfgang K.
Formato: Libro
Lenguaje:ruso
Publicado: Moskva Mir 1981
Etiquetas: Agregar Etiqueta
Sin Etiquetas, Sea el primero en etiquetar este registro!

MARC

LEADER 00000nam a2200000 4500
001 c135001
005 20231103121816.8
041 0 |a rus 
044 |a RU 
245 1 0 |a Interaktivnaja mašinnaja grafika  |b struktury dannych, algoritmy, jazyki  |c Wolfgang K. Giloi 
264 1 |a Moskva  |b Mir  |c 1981 
300 |a 380 s. 
100 1 |a Giloi, Wolfgang K.